Zmeny zákona o DPH v roku 2025
Od 1. 1. 2025 dochádza k podstatným zmenám v zákone o DPH. V príspevku sa zaoberáme zásadnými zmenami, ktoré sa týkajú: registrácie pre DPH v nadväznosti na zavedenú osobitnú úpravu pre malé podniky, zmien v sadzbách DPH, novej techniky úpravy odpočítanej DPH pri investičnom majetku, určením základu...
Gespeichert in:
| 1. Verfasser: | |
|---|---|
| Format: | Buchkapitel |
| Sprache: | Slowakisch |
| Schlagworte: | |
| Tags: |
Keine Tags, Fügen Sie das erste Tag hinzu!
|
MARC
| LEADER | 00000naa a2200000 4500 | ||
|---|---|---|---|
| 001 | 0306740 | ||
| 005 | 20250203111859.4 | ||
| 041 | 0 | |a slo | |
| 044 | |a SK | ||
| 245 | 1 | 0 | |a Zmeny zákona o DPH v roku 2025 |c Jaroslava Betáková |
| 520 | |a Od 1. 1. 2025 dochádza k podstatným zmenám v zákone o DPH. V príspevku sa zaoberáme zásadnými zmenami, ktoré sa týkajú: registrácie pre DPH v nadväznosti na zavedenú osobitnú úpravu pre malé podniky, zmien v sadzbách DPH, novej techniky úpravy odpočítanej DPH pri investičnom majetku, určením základu dane pri bezodplatnom dodaní a dodanení majetku v poslednom zdaňovacom období pri zrušení registrácie platiteľa. | ||
| 610 | 2 | 0 | |a hodnota pridaná |
| 610 | 2 | 0 | |a dane |
| 610 | 2 | 0 | |a dane z hodnoty pridanej |
| 610 | 2 | 0 | |a legislatíva |
| 610 | 2 | 0 | |a zákonodarstvo |
| 610 | 2 | 0 | |a zákony |
| 100 | 1 | |a Betáková, Jaroslava | |